| 000 -LEADER |
| fixed length control field |
03137 a2200325 4500 |
| 003 - CONTROL NUMBER IDENTIFIER |
| control field |
NUST |
| 020 ## - INTERNATIONAL STANDARD BOOK NUMBER |
| International Standard Book Number |
1570713960 |
| 020 ## - INTERNATIONAL STANDARD BOOK NUMBER |
| International Standard Book Number |
9781570713965 |
| 038 ## - RECORD CONTENT LICENSOR |
| Staff Name |
ATTA |
| 082 04 - DEWEY DECIMAL CLASSIFICATION NUMBER |
| Classification number |
657 DAR |
| 100 1# - MAIN ENTRY--PERSONAL NAME |
| Personal name |
Mullis, Darrell. |
| 9 (RLIN) |
25451 |
| 245 14 - TITLE STATEMENT |
| Title |
The accounting game : |
| Remainder of title |
basic accounting fresh from the lemonade stand / |
| Statement of responsibility, etc. |
Darrell Mullis. |
| 250 ## - EDITION STATEMENT |
| Edition statement |
illustrated edition ed. |
| 260 ## - PUBLICATION, DISTRIBUTION, ETC. |
| Place of publication, distribution, etc. |
[S.l.] : |
| Name of publisher, distributor, etc. |
Sourcebooks, Inc., |
| Date of publication, distribution, etc. |
1998. |
| 300 ## - PHYSICAL DESCRIPTION |
| Extent |
192 p. ; |
| Dimensions |
28 cm. |
| 500 ## - GENERAL NOTE |
| General note |
Paperback. |
| 520 ## - SUMMARY, ETC. |
| Summary, etc. |
Basic Accounting Fresh From the Lemonade Stand The world of accounting can be intimidating. But, more often than not, there's no way to avoid it - even non-financial jobs venture into financial jargon and concepts. For those trying to get more done at the office, organize the dollars and cents in a small business, or just in need of a refresher, there's no reason to turn to the average number-crunching class again. The Accounting Game presents financial information in a format so simple and so unlike a common accounting textbook, you may forget youre learning key skills that will help you get ahead! This book uses the world of a kid's lemonade stand to teach the basics of financial language and records. You'll run your own lemonade stand and make it grow by creating signs to advertise it, borrowing money from Mom, buying lemons and sugar and selling to the whole neighborhood. As you run your stand, you'll begin to understand and apply financial terms and concepts like assets, liabilities, earnings, inventory and notes payable, plus: --Know the difference between accrual vs. cash accounting methods --Create and understand an income statement and balance sheet --Track inventory using LIFO and FIFO --Create cash statements and understand cash flow and liquidity --Apply your new knowledge to real-life situations The revolutionary approach of The Accounting Game takes the typically mundane subjects of accounting and business finance and makes them something you can easily learn, understand, remember and use! "The game approach makes the subject matter most understandable. I highly recommend it to anyone frightened by either numbers or accountants." --John Hernandis, Director of Corporate Communications, American Greetings The Accounting Game is produced by Educational Discoveries, the training industrys leader in accelerative learning technology. More than 70,000 people have graduated from The Accounting Game, the world's most successful one-day financial seminar. |
| 650 #4 - SUBJECT ADDED ENTRY--TOPICAL TERM |
| Topical term or geographic name entry element |
Business/Economics. |
| 9 (RLIN) |
233 |
| 650 #4 - SUBJECT ADDED ENTRY--TOPICAL TERM |
| Topical term or geographic name entry element |
Finance & Accounting. |
| 9 (RLIN) |
12733 |
| 650 #4 - SUBJECT ADDED ENTRY--TOPICAL TERM |
| Topical term or geographic name entry element |
Accounting (Specific Aspects) |
| 9 (RLIN) |
25452 |
| 650 #4 - SUBJECT ADDED ENTRY--TOPICAL TERM |
| Topical term or geographic name entry element |
Business / Economics / Finance. |
| 9 (RLIN) |
12732 |
| 650 #4 - SUBJECT ADDED ENTRY--TOPICAL TERM |
| Topical term or geographic name entry element |
Business & Economics. |
| 9 (RLIN) |
233 |
| 650 #4 - SUBJECT ADDED ENTRY--TOPICAL TERM |
| Topical term or geographic name entry element |
Accounting. |
| 9 (RLIN) |
14627 |
| 650 #4 - SUBJECT ADDED ENTRY--TOPICAL TERM |
| Topical term or geographic name entry element |
Accounting - General. |
| 9 (RLIN) |
25453 |
| 650 #4 - SUBJECT ADDED ENTRY--TOPICAL TERM |
| Topical term or geographic name entry element |
Business & Economics / Accounting / General. |
| 9 (RLIN) |
9974 |
| 700 1# - ADDED ENTRY--PERSONAL NAME |
| Personal name |
Orloff, Judith. |
| 9 (RLIN) |
25454 |
| 856 40 - ELECTRONIC LOCATION AND ACCESS |
| Materials specified |
Amazon.com |
| Uniform Resource Identifier |
<a href="http://www.amazon.com/exec/obidos/ASIN/1570713960/chopaconline-20">http://www.amazon.com/exec/obidos/ASIN/1570713960/chopaconline-20</a> |
| 856 40 - ELECTRONIC LOCATION AND ACCESS |
| Materials specified |
Amazon customer reviews |
| Uniform Resource Identifier |
<a href="http://www.chopac.org/cgi-bin/tools/azrev.pl?q=1570713960">http://www.chopac.org/cgi-bin/tools/azrev.pl?q=1570713960</a> |
| 942 ## - ADDED ENTRY ELEMENTS (KOHA) |
| Institution code [OBSOLETE] |
NBS |
| Koha item type |
Book |
| Call number prefix |
657 DAR |
| Source of classification or shelving scheme |
|